[Event "CHN-chB (Women)"]
[Site "Hangzhou"]
[Date "2019.07.05"]
[Round "7"]
[White "Dai, Jiaying"]
[Black "Hu, Yue"]
[Result "1-0"]
[WhiteElo "1605"]
[BlackElo "1995"]
[PlyCount "81"]
[EventDate "2019.07.02"]
[EventType "swiss"]
[EventRounds "11"]
[EventCountry "CHN"]
[SourceTitle "CBM 191 Extra"]
[Source "ChessBase"]
[SourceDate "2019.09.30"]
[SourceVersion "1"]
[SourceVersionDate "2019.09.30"]
[SourceQuality "1"]

1. e4 c5 2. Nf3 Nc6 3. d4 cxd4 4. Nxd4 Nf6 5. Nc3 e5 6. Ndb5 d6 7. Nd5 Nxd5 8. exd5 Nb8 9. c4 Be7 10. Bd3 0-0 11. 0-0 a6 12. Nc3 f5 13. f3 Qb6+ 14. Kh1 Nd7 15. Qe2 f4 16. a3 Nc5 17. b4 Nxd3 18. Qxd3 Bd7 19. Ne4 Qa7 20. Qb3 Bf5 21. c5 Bxe4 22. fxe4 Rf7 23. cxd6 Bxd6 24. Bb2 g5 25. Qh3 Rf6 26. Rac1 Raf8 27. Rc8 Kh8 28. Rxf8+ Rxf8 29. Qh6 Qb8 30. Qxg5 Qe8 31. Rxf4 Rxf4 32. Qxf4 Qh5 33. Qf3 Qh6 34. Qf5 Kg8 35. Qc8+ Bf8 36. Bxe5 Qg6 37. Qf5 Qh6 38. Bf4 Qb6 39. d6 Qf2 40. Qe6+ Kg7 41. Be5+ 1-0

[Event "CHN-chB (Women)"]
[Site "Hangzhou"]
[Date "2019.07.05"]
[Round "8"]
[White "Hu, Yue"]
[Black "Yin, Tingwen"]
[Result "0-1"]
[WhiteElo "1995"]
[BlackElo "1571"]
[PlyCount "98"]
[EventDate "2019.07.02"]
[EventType "swiss"]
[EventRounds "11"]
[EventCountry "CHN"]
[SourceTitle "CBM 191 Extra"]
[Source "ChessBase"]
[SourceDate "2019.09.30"]
[SourceVersion "1"]
[SourceVersionDate "2019.09.30"]
[SourceQuality "1"]

1. e4 c5 2. Nf3 d6 3. d4 cxd4 4. Nxd4 Nf6 5. Nc3 a6 6. Be3 e5 7. Nb3 Be6 8. f3 Nbd7 9. g4 b5 10. g5 Nh5 11. Qd2 Nb6 12. Nd5 Nxd5 13. exd5 Bd7 14. Na5 Qc7 15. Bd3 f5 16. 0-0-0 Be7 17. Rhg1 g6 18. Kb1 0-0 19. Rc1 Bd8 20. b4 Qb8 21. Nb3 Bb6 22. a3 Qa7 23. Bxb6 Qxb6 24. Rgd1 Rac8 25. Na5 Qd4 26. c3 Qf4 27. Nb7 e4 28. Be2 Qxh2 29. fxe4 fxe4 30. Rh1 Qf4 31. Qxf4 Nxf4 32. Rh2 Nxe2 33. Rxe2 Bf5 34. Nxd6 Rcd8 35. Nxe4 Rxd5 36. Kb2 Bxe4 37. Rxe4 Rf2+ 38. Rc2 Rxc2+ 39. Kxc2 Rxg5 40. Re6 h5 41. Rxa6 h4 42. Rd6 h3 43. Rd3 h2 44. Rh3 Rg2+ 45. Kb3 g5 46. a4 bxa4+ 47. Kxa4 g4 48. Rh4 g3 49. b5 Rg1 0-1

[Event "CHN-chB (Women)"]
[Site "Hangzhou"]
[Date "2019.07.04"]
[Round "5"]
[White "Hu, Yue"]
[Black "Cai, Jinru"]
[Result "1-0"]
[WhiteElo "1995"]
[BlackElo "1585"]
[PlyCount "68"]
[EventDate "2019.07.02"]
[EventType "swiss"]
[EventRounds "11"]
[EventCountry "CHN"]
[SourceTitle "CBM 191 Extra"]
[Source "ChessBase"]
[SourceDate "2019.09.30"]
[SourceVersion "1"]
[SourceVersionDate "2019.09.30"]
[SourceQuality "1"]

1. e4 e6 2. d4 d5 3. Nc3 Bb4 4. a3 Bxc3+ 5. bxc3 dxe4 6. Qg4 Qf6 7. Qxe4 Ne7 8. Bd3 c5 9. Nf3 Nd7 10. Bg5 Qf5 11. Qe2 Qd5 12. 0-0 Nb6 13. Be4 Qd6 14. dxc5 Qxc5 15. Be3 Qc7 16. Bd4 f6 17. Nh4 Nbd5 18. Qh5+ Kf8 19. Bxd5 exd5 20. Rae1 Bd7 21. Rxe7 Kxe7 22. Qxd5 Qc6 23. Re1+ Kd8 24. Qf7 Kc7 25. Qxg7 Rae8 26. Rf1 Ref8 27. Qg3+ Qd6 28. Qe3 Re8 29. Bc5 Qe5 30. Bxa7 Qd6 31. Bc5 Qe5 32. Bd4 Qd6 33. Qd3 Qe6 34. h3 Rhg8 1-0

[Event "CHN-chB (Women)"]
[Site "Hangzhou"]
[Date "2019.07.03"]
[Round "4"]
[White "Chen, Yining"]
[Black "Hu, Yue"]
[Result "1-0"]
[WhiteElo "1672"]
[BlackElo "1995"]
[PlyCount "85"]
[EventDate "2019.07.02"]
[EventType "swiss"]
[EventRounds "11"]
[EventCountry "CHN"]
[SourceTitle "CBM 191 Extra"]
[Source "ChessBase"]
[SourceDate "2019.09.30"]
[SourceVersion "1"]
[SourceVersionDate "2019.09.30"]
[SourceQuality "1"]

1. d4 Nf6 2. c4 g6 3. Nc3 Bg7 4. e4 d6 5. f3 0-0 6. Be3 b6 7. Qd2 c5 8. d5 a6 9. a4 e6 10. Rc1 Ra7 11. Bd3 exd5 12. cxd5 Bd7 13. Nge2 Rb7 14. Rb1 b5 15. b4 c4 16. Bc2 Nh5 17. 0-0 f5 18. Bd4 f4 19. Bxg7 Nxg7 20. Nd4 g5 21. Rfd1 Rf6 22. Re1 Qe8 23. Nf5 Bxf5 24. exf5 Qh5 25. h3 Nxf5 26. Bxf5 Rxf5 27. Re6 Nd7 28. Ne4 Rc7 29. Nxd6 c3 30. Qd3 Rf8 31. Ne4 c2 32. Rc1 Rc4 33. axb5 axb5 34. Rxc2 Rfc8 35. Rc6 Rxc2 36. Qxc2 Rf8 37. Rd6 Qf7 38. Qc1 Ne5 39. Qc3 Qa7+ 40. Kh2 Rf5 41. Qc8+ Rf8 42. Qc3 Rf5 43. Re6 1-0

[Event "CHN-chT (Women)"]
[Site "Daqing"]
[Date "2019.06.19"]
[Round "1.4"]
[White "Song, Yuxin"]
[Black "Hu, Yue"]
[Result "1-0"]
[WhiteElo "2308"]
[BlackElo "2034"]
[PlyCount "75"]
[EventDate "2019.06.19"]
[EventType "team-swiss"]
[EventRounds "9"]
[EventCountry "CHN"]
[SourceTitle "CBM 191 Extra"]
[Source "ChessBase"]
[SourceDate "2019.09.30"]
[SourceVersion "1"]
[SourceVersionDate "2019.09.30"]
[SourceQuality "1"]
[WhiteTeam "Beijing (W)"]
[BlackTeam "Wuxi (W)"]
[WhiteTeamCountry "CHN"]
[BlackTeamCountry "CHN"]

1. d4 Nf6 2. Nf3 g6 3. g3 Bg7 4. Bg2 0-0 5. 0-0 d6 6. b3 a5 7. Nc3 Na6 8. e4 Nd7 9. Be3 c6 10. a4 Nb4 11. Qd2 Re8 12. Rad1 Qc7 13. Ne1 e5 14. d5 Bf8 15. Nd3 Qb8 16. Nb2 Nf6 17. Bg5 Ng4 18. h3 f6 19. Bh4 Bh6 20. Qe2 g5 21. Bxg5 Bxg5 22. hxg4 Ra6 23. f4 Qa7+ 24. Kh2 exf4 25. gxf4 Bh4 26. Kh3 Qc5 27. Qc4 Bf2 28. dxc6+ Be6 29. Qxc5 Bxc5 30. f5 Bf7 31. Nb5 Nxc2 32. Nc7 Ne3 33. Nxe8 Nxd1 34. Nxf6+ Kg7 35. Nxd1 Kxf6 36. c7 Ra8 37. e5+ dxe5 38. Bxb7 1-0

[Event "CHN-chB (Women)"]
[Site "Qinhuangdao"]
[Date "2017.07.17"]
[Round "3"]
[White "Zhang, Lanlin"]
[Black "Hu, Yue"]
[Result "1-0"]
[WhiteElo "2262"]
[BlackElo "1932"]
[PlyCount "123"]
[EventDate "2017.07.16"]
[EventType "swiss"]
[EventRounds "11"]
[EventCountry "CHN"]
[SourceTitle "CBM 179 Extra"]
[Source "ChessBase"]
[SourceDate "2017.08.23"]
[SourceVersion "1"]
[SourceVersionDate "2017.08.23"]
[SourceQuality "1"]

1. e4 c5 2. Nf3 d6 3. d4 cxd4 4. Nxd4 Nf6 5. Nc3 a6 6. Be2 e5 7. Nb3 Be7 8. 0-0 0-0 9. Kh1 b5 10. a4 Bb7 11. f3 b4 12. Nd5 Nxd5 13. exd5 Qc7 14. Be3 Nd7 15. Bd3 Bxd5 16. Bxh7+ Kxh7 17. Qxd5 Qxc2 18. Na5 Rab8 19. Rac1 Nf6 20. Qxe5 Qxg2+ 21. Kxg2 dxe5 22. Nc6 Nd5 23. Bg1 Rb7 24. Nxe5 Bf6 25. Nd3 Re8 26. Rfe1 Rxe1 27. Rxe1 b3 28. f4 Nb4 29. Nc5 Rc7 30. Re2 Rxc5 31. Bxc5 Nd3 32. Bd6 Nxb2 33. Re3 Nc4 34. Rxb3 Nxd6 35. Rb6 Ne4 36. Rxa6 Nc5 37. Ra8 Kg6 38. a5 Kf5 39. Kf3 g5 40. fxg5 Kxg5 41. a6 Nxa6 42. Rxa6 Be5 43. h3 f5 44. Re6 Bd4 45. Kg3 f4+ 46. Kf3 Be3 47. Re5+ Kh6 48. Re7 Kg5 49. Rg7+ Kh6 50. Rg2 Kh5 51. Rg8 Kh6 52. Kg4 Bd2 53. Rd8 Be3 54. Rd6+ Kh7 55. h4 Kg7 56. h5 Kh7 57. h6 f3 58. Kh5 f2 59. Rd7+ Kg8 60. h7+ Kh8 61. Kg6 Bg5 62. Rg7 1-0

[Event "CHN Team (Women)"]
[Site "Wuxi"]
[Date "2016.08.01"]
[Round "6.2"]
[White "Liu, Hongyan"]
[Black "Hu, Yue"]
[Result "1-0"]
[WhiteElo "2071"]
[BlackElo "1893"]
[PlyCount "72"]
[EventDate "2016.07.28"]
[EventType "team-swiss"]
[EventRounds "9"]
[EventCountry "CHN"]
[SourceTitle "CBM 173 Extra"]
[Source "ChessBase"]
[SourceDate "2016.08.29"]
[SourceVersion "1"]
[SourceVersionDate "2016.08.29"]
[SourceQuality "1"]
[WhiteTeam "Tianjing Chunhua (W)"]
[BlackTeam "Jiangsu Lvyang (W)"]
[WhiteTeamCountry "CHN"]
[BlackTeamCountry "CHN"]

1. d4 Nf6 2. Bf4 g6 3. e3 Bg7 4. Nf3 d6 5. h3 Nbd7 6. Be2 0-0 7. 0-0 b6 8. Nbd2 Bb7 9. Bh2 Qe8 10. c3 e5 11. dxe5 dxe5 12. Qc2 Nd5 13. Bc4 a5 14. Rad1 Ne7 15. Ne4 Nc6 16. Rd2 Qe7 17. Bg3 Kh8 18. Rfd1 Nc5 19. Nxc5 Qxc5 20. Bd5 f6 21. Be4 Rad8 22. Rxd8 Rxd8 23. Bxc6 Rxd1+ 24. Qxd1 Bxc6 25. Qd8+ Qf8 26. Qxc7 Qa8 27. Qxb6 h5 28. Qc7 a4 29. c4 Bxf3 30. gxf3 Qxf3 31. Qd8+ Kh7 32. Qd5 Qf5 33. Kg2 Qb1 34. c5 Qxb2 35. c6 Qc2 36. a3 f5 1-0

[Event "CHN Team (Women)"]
[Site "Wuxi"]
[Date "2016.07.29"]
[Round "3.2"]
[White "Huang, Mofei"]
[Black "Hu, Yue"]
[Result "0-1"]
[WhiteElo "1963"]
[BlackElo "1893"]
[PlyCount "64"]
[EventDate "2016.07.28"]
[EventType "team-swiss"]
[EventRounds "9"]
[EventCountry "CHN"]
[SourceTitle "CBM 173 Extra"]
[Source "ChessBase"]
[SourceDate "2016.08.29"]
[SourceVersion "1"]
[SourceVersionDate "2016.08.29"]
[SourceQuality "1"]
[WhiteTeam "Zhejiang Feiao (W)"]
[BlackTeam "Jiangsu Lvyang (W)"]
[WhiteTeamCountry "CHN"]
[BlackTeamCountry "CHN"]

1. d4 Nf6 2. c4 g6 3. Nc3 Bg7 4. Nf3 0-0 5. g3 d6 6. Bg2 Nc6 7. 0-0 e5 8. d5 Ne7 9. e4 h6 10. Ne1 Ne8 11. f4 exf4 12. Bxf4 g5 13. Be3 Ng6 14. Nf3 Nf6 15. Nd4 Ng4 16. Bc1 c6 17. h3 N4e5 18. b3 Ne7 19. g4 c5 20. Nde2 N7g6 21. Bd2 Bd7 22. Ng3 Nd3 23. Bxg5 Bd4+ 24. Kh2 Qxg5 25. Qxd3 Ne5 26. Qc2 Nxg4+ 27. hxg4 Qh4+ 28. Bh3 Bxg4 29. Qg2 Bxc3 30. Rac1 Be5 31. Rce1 Bxh3 32. Qxh3 Bxg3+ 0-1